Краткий объяснительный текст к Почвенной карте Европейской России, изданной в 1901 году (Запись № 2272365)

Подробности
000 -МАРКЕР
контрольное поле 03310nam0a2200385 4500
001 - ИДЕНТИФИКАТОР ЗАПИСИ
контрольное поле RU\NLR\cart\2769
005 - ИДЕНТИФИКАТОР ВЕРСИИ
контрольное поле 20250617203803.0
035 ## - ДРУГИЕ СИСТЕМНЫЕ НОМЕРА
Идентификатор записи (NLR Aleph) 004272882
100 ## - ДАННЫЕ ОБЩЕЙ ОБРАБОТКИ
Данные общей обработки 20001027d1902 |||y0rusy50 ca
101 0# - ЯЗЫК РЕСУРСА
Язык текста, звукозаписи и т.д. русский
-- французский
102 ## - СТРАНА ПУБЛИКАЦИИ ИЛИ ПРОИЗВОДСТВА
Страна публикации российская федерация
105 ## - ПОЛЕ КОДИРОВАННЫХ ДАННЫХ: ТЕКСТОВЫЕ МАТЕРИАЛЫ, МОНОГРАФИЧЕСКИЕ
Кодированные данные о монографическом текстовом документе y z 000yy
120 ## - ПОЛЕ КОДИРОВАННЫХ ДАННЫХ: КАРТОГРАФИЧЕСКИЕ МАТЕРИАЛЫ - ОБЩИЕ ХАРАКТЕРИСТИКИ
Кодированные данные о картографическом материале (общие) byy xx||
135 ## - ПОЛЕ КОДИРОВАННЫХ ДАННЫХ: ЭЛЕКТРОННЫЕ РЕСУРСЫ
Кодированные данные для электронного ресурса crmn mmmanaba
200 1# - ЗАГЛАВИЕ И СВЕДЕНИЯ ОБ ОТВЕТСТВЕННОСТИ
Основное заглавие Краткий объяснительный текст к Почвенной карте Европейской России, изданной в 1901 году
Общее обозначение материала Карты
Параллельное заглавие Note explicative sur la carte des sols de la Russie d Europe, édition du Département de l Agriculture
Первые сведения об ответственности Г. И. Танфильев и А. Р. Ферхмин
-- G. Tanfilieff et A. Ferkhmine
210 ## - ПУБЛИКАЦИЯ, РАСПРОСТРАНЕНИЕ И ДР.
Место издания, распространения и т.д. С.-Петербург
Имя издателя, распространителя и т. д. Типо-литография "Герольда"
Дата издания, распространения и т.д. 1902
215 ## - ФИЗИЧЕСКАЯ ХАРАКТЕРИСТИКА
Специфическое обозначение материала и объем 1 т. (35, [1] с.)
Другие сведения о физической характеристике табл.
Размеры 27х17 см
300 ## - ОБЩИЕ ПРИМЕЧАНИЯ
Текст примечания В надзаг.: Министерство Земледелия и Государственных Имуществ. Департамент Земледелия
311 ## - ПРИМЕЧАНИЯ, ОТНОСЯЩИЕСЯ К ПОЛЯМ СВЯЗИ (ПРИМЕЧАНИЯ О СВЯЗИ С ДРУГИМИ ПРОИЗВЕДЕНИЯМИ (ИЗДАНИЯМИ))
Текст примечания Почвенная карта Европейской России (Шифр хранения К 3-РоссЕ 3/158)
325 ## - ПРИМЕЧАНИЕ О КОПИИ
Текст примечания Копия доступна в Электрон. б-ке РНБ
488 #0 - ДРУГИЕ ВЗАИМОСВЯЗАННЫЕ ПРОИЗВЕДЕНИЯ (ДОКУМЕНТЫ)
Встроенное поле 001RU\NLR\BIBL_A\011643306
-- 2001#$aПочвенная карта Европейской России$bКарты$dCarte du sol de la Russie d'Europe$fсоставленная по почину и плану проф. В. В. Докучаева проф. Н. М. Сибирцевым, Г. И Танфильевым и А. Р. Ферхминым$gпод наблюдением учёнаго комитета Министерства земледелия и государственных имуществ$fdressée sur l'initiative et d'après le plan de mr. le prof. W. Dokoutchaīef par mr. le prof. N. Sibirtzef et mrs. G. Tanfilief et A. Ferkhmine$gsous les auspices du comité scientifique du Ministère de l'agriculture et des domaines
-- 210##$aС.Петербург$cиздание Департамента земледелия$d1900
Системный номер (АБИС) связанной записи 11091426
Место публикации С.Петербург
Дата публикации 1900
Первые сведения об ответственности составленная по почину и плану проф. В. В. Докучаева проф. Н. М. Сибирцевым, Г. И Танфильевым и А. Р. Ферхминым
Параллельное заглавие Carte du sol de la Russie d'Europe
Имя издателя, распространителя и т.д. издание Департамента земледелия
Физическая характеристика 1 к. (6 л. в общ. рамке)
Заглавие Почвенная карта Европейской России: Карты
606 1# - НАИМЕНОВАНИЕ ТЕМЫ КАК ПРЕДМЕТ
Наименование темы Почвы
Географический подзаголовок Россия
Системный номер авторитетной/нормативной записи 2357090
Идентификатор авторитетной/нормативной записи RU\NLR\AUTH\6601630373
620 ## - МЕСТО И ДАТА ПУБЛИКАЦИИ, ИСПОЛНЕНИЯ И Т. Д.
Страна Санкт-Петербург
701 #1 - ИМЯ ЛИЦА - АЛЬТЕРНАТИВНАЯ ОТВЕТСТВЕННОСТЬ
Начальный элемент ввода Танфильев
Часть имени, кроме начального элемента ввода Г. И.
Даты 1857-1928
Расширение инициалов личного имени Гавриил Иванович
701 #1 - ИМЯ ЛИЦА - АЛЬТЕРНАТИВНАЯ ОТВЕТСТВЕННОСТЬ
Начальный элемент ввода Ферхмин
Часть имени, кроме начального элемента ввода А. Р.
Даты 1858-1905
Расширение инициалов личного имени Альберт Романович
801 #0 - ИСТОЧНИК ЗАПИСИ
Страна российская федерация
Организация NLR
Дата составления 20001027
Правила каталогизации PSBO
801 #1 - ИСТОЧНИК ЗАПИСИ
Страна российская федерация
Организация NLR
Дата составления 20030417
852 ## - МЕСТОНАХОЖДЕНИЕ И ШИФР ХРАНЕНИЯ
Идентификатор организации NLR
Наименование фонда или коллекции (Sub-Location Identifier) К
Шифр хранения (Call Number) Текст/833
Идентификатор единицы 80348
Номер экземпляра 91110
901 ## - ДАННЫЕ ОБ ОБЪЕКТЕ ОЦИФРОВКИ
-- Картографические материалы
942 ## - ДОПОЛНИТЕЛЬНЫЕ ЭЛЕМЕНТЫ ЗАПИСИ (АБИС)
Тип экземпляра АБИС Книга
980 ## - КОЛЛЕКЦИЯ
Название коллекции Национальная библиография
981 19 - КОЛЛЕКЦИЯ ЭЛЕКТРОННОЙ БИБЛИОТЕКИ
Название коллекции Картографические материалы
Экземпляры
Тип экземпляра Дата поступления Библиотека постоянного хранения Библиотека текущего хранения Место хранения Шифр хранения Штрих-код Статус не для выдачи
Книга 26.10.2013 РНБ (Садовая) РНБ (Садовая) Фонд картографических изданий К Текст/833 4272882-10  
Книга 04.10.2023 РНБ (Садовая) РНБ (Садовая) Фонд картографических изданий К Текст/833 ERR-296897